00618nam a22001457a 4500003000400000005001700004008004100021040002900062050002400091110002200115245023300137260003500370300002700405650004000432OSt20230718162645.0230718b |||||||| |||| 00| 0 eng d cChuka University Library aHC 58.7b.C58 2017  aChuka University  aProceedings of the 3rd Chuka University international research conference held in the main campus from 26th-28th October, 2016: Theme= "Harnessing research, innovation and technology to realise the sustainable development goals" aChukabChuka Universityc2017 a521 pagesbIllustrated aResearch, innovation and technology